| 000 | 00429pab a2200157 454500 | ||
|---|---|---|---|
| 008 | 180718b2015 xxu||||| |||| 00| 0 eng d | ||
| 100 | _aGupta, Anand P. | ||
| 245 | _aImproving management of public expenditure: evidence from India | ||
| 260 | _c2015 | ||
| 300 | _ap.2346. | ||
| 362 | _aJul | ||
| 650 | _aPublic expenditure - India | ||
| 650 | _aPublic expenditure | ||
| 773 | _aThe Journal of Governance | ||
| 909 | _a109614 | ||
| 999 |
_c109609 _d109609 |
||